El salario justo : (Record no. 26492)

MARC details
000 -LEADER
campo de control de longitud fija 00996nam a2200253 i 4500
001 - NÚMERO DE CONTROL
campo de control 26492
003 - IDENTIFICADOR DE NÚMERO DE CONTROL
campo de control ES-MaACL
005 - FECHA Y HORA DE LA ÚLTIMA TRANSACCIÓN
campo de control 20230906153442.0
007 - CAMPO FIJO DE DESCRIPCIÓN FÍSICA--INFORMACIÓN GENERAL
campo de control de longitud fija t|
008 - DATOS DE LONGITUD FIJA--INFORMACIÓN GENERAL
campo de control de longitud fija 030109s1946 sp ||||1| spa d
080 ## - NÚMERO DE LA CLASIFICACIÓN DECIMAL UNIVERSAL
Número de la Clasificación Decimal Universal 331.2
100 1# - ENTRADA PRINCIPAL--NOMBRE DE PERSONA
Nombre de persona Aunós Pérez, Antonio.
9 (RLIN) 23921
245 13 - MENCIÓN DEL TÍTULO
Título El salario justo :
Resto del título principios político-sociales para su implantación : conferencia pronunciada en el solemne acto de clausura del curso académico 1945-46 /
Mención de responsabilidad, etc. por Antonio Aunós Pérez.
260 ## - PUBLICACIÓN, DISTRIBUCIÓN, ETC.
Lugar de publicación, distribución, etc. Barcelona :
Nombre del editor, distribuidor, etc. Patronato de la Escuela Social de Barcelona,
Fecha de publicación, distribución, etc. 1946 (
Fabricante Gráf. Alfa)
300 ## - DESCRIPCIÓN FÍSICA
Extensión 32 p. ;
Dimensiones 24 cm.
490 1# - MENCIÓN DE SERIE
Mención de serie Serie A: discursos y conferencias ;
Designación de volumen o secuencia 15
504 ## - NOTA DE BIBLIOGRAFÍA, ETC.
Nota de bibliografía, etc. Referencias bibliográficas.
594 ## - Nota al título y mención de responsabilidad
Nota al título y mención de responsabilidad Precede a tít.: Ministerio de Trabajo. Escuela Social de Barcelona.
650 #4 - PUNTO DE ACCESO ADICIONAL DE MATERIA--TÉRMINO DE MATERIA
Término de materia o nombre geográfico como elemento de entrada Salarios.
9 (RLIN) 16967
710 2# - ENTRADA AGREGADA--NOMBRE DE ENTIDAD CORPORATIVA
Nombre de entidad corporativa o nombre de jurisdicción como elemento de entrada Escuela Social de Barcelona.
9 (RLIN) 173570
830 1# - PUNTO DE ACCESO ADICIONAL DE SERIE-TÍTULO UNIFORME
Título uniforme Serie A: discursos y conferencias ;
Designación de volumen o secuencia 15
9 (RLIN) 181043
852 ## - LOCALIZACIÓN
Ubicación ES-MaACL
Número de control de estantería 1873-F-2
Holdings
Estatus retirado Estado de pérdida Estado de daño No para préstamo Colección Biblioteca de origen Biblioteca actual Ubicación en estantería Fecha de adquisición Fuente de adquisición Total de préstamos Signatura topográfica completa Código de barras Visto por última vez Precio de reemplazo Tipo de ítem Koha
        Colección de folletos Biblioteca del Ateneo de Madrid Biblioteca del Ateneo de Madrid Depósito folletos 17/01/2008     1873-F-2 1027342 23/02/2023 23/02/2023 Folleto